[Event "Voronezh op-B 22nd"]
[Site "Voronezh"]
[Date "2018.06.15"]
[Round "4"]
[White "Badtrutdinova, Darya"]
[Black "Poltavets, Ivan"]
[Result "0-1"]
[WhiteElo "1604"]
[BlackElo "1765"]
[PlyCount "60"]
[EventDate "2018.06.12"]
[EventType "swiss"]
[EventRounds "9"]
[EventCountry "RUS"]
[SourceTitle "CBM 185 Extra"]
[Source "ChessBase"]
[SourceDate "2018.07.29"]
[SourceVersion "1"]
[SourceVersionDate "2018.07.29"]
[SourceQuality "1"]

1. d4 d5 2. Nf3 e6 3. e3 c5 4. b3 cxd4 5. exd4 Nf6 6. Bd3 Nc6 7. 0-0 Bd6 8. Bb2 0-0 9. a3 a5 10. Ne5 Qc7 11. f4 Ne4 12. Nd2 f6 13. Nxc6 Qxc6 14. Qe2 f5 15. a4 Qc7 16. g3 Bd7 17. Nf3 Rac8 18. Ba3 Nc3 19. Qg2 Bxa3 20. Rxa3 b5 21. Ne5 bxa4 22. Nxd7 Qxd7 23. bxa4 Qd6 24. Rfa1 Qb4 25. Qf2 Rc7 26. Qe1 Qxd4+ 27. Kh1 Kf7 28. Qd2 Rb8 29. Re1 Rb4 30. Re5 Nb1 0-1

[Event "Voronezh op-B 19th"]
[Site "Voronezh"]
[Date "2015.06.13"]
[Round "2"]
[White "Poltavets, Ivan"]
[Black "Rudakov, Sergey S"]
[Result "1-0"]
[WhiteElo "1803"]
[BlackElo "1311"]
[PlyCount "81"]
[EventDate "2015.06.12"]
[EventType "swiss"]
[EventRounds "9"]
[EventCountry "RUS"]
[SourceTitle "CBM 167 Extra"]
[Source "ChessBase"]
[SourceDate "2015.09.14"]
[SourceVersion "1"]
[SourceVersionDate "2015.09.14"]
[SourceQuality "1"]

1. Nf3 Nf6 2. g3 g6 3. Bg2 Bg7 4. d3 d5 5. 0-0 0-0 6. Re1 Nc6 7. Nbd2 b6 8. e4 dxe4 9. dxe4 e5 10. c3 Bb7 11. Qa4 Qe7 12. b4 Nd7 13. Nc4 a6 14. Ne3 b5 15. Qb3 Na7 16. Nd5 Bxd5 17. exd5 Qd6 18. Be3 Rfe8 19. Rad1 Nc8 20. Ng5 Qf8 21. d6 Nxd6 22. Rxd6 cxd6 23. Nxf7 Qxf7 24. Bd5 Qxd5 25. Qxd5+ Kh8 26. Qxd6 Nf6 27. Rd1 Ne4 28. Qd3 Nf6 29. c4 bxc4 30. Qxc4 Rec8 31. Qf7 Rf8 32. Qb3 Rab8 33. Bc5 Rfe8 34. Qc4 Ra8 35. a4 Rec8 36. Rd6 a5 37. b5 Rab8 38. Rc6 Nd7 39. Bd6 Rxc6 40. Qxc6 Rd8 41. Qc7 1-0

[Event "Voronezh op-B 19th"]
[Site "Voronezh"]
[Date "2015.06.12"]
[Round "1"]
[White "Fadin, Evgeny"]
[Black "Poltavets, Ivan"]
[Result "1-0"]
[WhiteElo "2098"]
[BlackElo "1803"]
[PlyCount "115"]
[EventDate "2015.06.12"]
[EventType "swiss"]
[EventRounds "9"]
[EventCountry "RUS"]
[SourceTitle "CBM 167 Extra"]
[Source "ChessBase"]
[SourceDate "2015.09.14"]
[SourceVersion "1"]
[SourceVersionDate "2015.09.14"]
[SourceQuality "1"]

1. e4 c5 2. Nf3 d6 3. d4 cxd4 4. Nxd4 Nf6 5. Nc3 Nbd7 6. Nb3 a6 7. a4 b6 8. a5 Bb7 9. axb6 Nxe4 10. Nxe4 Bxe4 11. Qd4 f5 12. f3 e5 13. Qb4 Bb7 14. Na5 Rb8 15. Nxb7 Rxb7 16. Rxa6 Rxb6 17. Rxb6 Qxb6 18. Bb5 Qa7 19. Qc4 Kd8 20. Ke2 Qc5 21. Qb3 d5 22. Bd2 Bd6 23. Ra1 Ke7 24. Bxd7 Kxd7 25. Qb7+ Bc7 26. Ra7 Rc8 27. b3 Qc6 28. Qxc6+ Kxc6 29. Ra4 Bb6 30. Rh4 h6 31. Rh5 Rf8 32. Bb4 Rf7 33. g3 Bd8 34. Bd2 Kd6 35. Bc3 Bg5 36. Bd2 f4 37. Rh3 Kc5 38. Bc3 Kd6 39. Kd3 Rc7 40. Bd2 Re7 41. Bb4+ Ke6 42. Bxe7 Kxe7 43. gxf4 Bxf4 44. Rh4 Kf6 45. c4 dxc4+ 46. bxc4 Kf5 47. c5 g6 48. Kc4 h5 49. Kd5 Kg5 50. Rxf4 Kxf4 51. c6 Kxf3 52. Kxe5 Kg2 53. c7 Kxh2 54. c8Q g5 55. Qf5 h4 56. Qf2+ Kh3 57. Kf5 g4 58. Qg1 1-0

[Event "Voronezh School Rating 03"]
[Site "Voronezh"]
[Date "2015.03.17"]
[Round "4.3"]
[White "Poltavets, Ivan"]
[Black "Abramova, Yulia"]
[Result "0-1"]
[WhiteElo "1799"]
[BlackElo "1986"]
[PlyCount "116"]
[EventDate "2015.03.13"]
[EventType "swiss"]
[EventRounds "9"]
[EventCountry "RUS"]
[SourceTitle "EXT 2018"]
[Source "ChessBase"]
[SourceDate "2017.10.13"]
[SourceVersion "1"]
[SourceVersionDate "2017.10.13"]
[SourceQuality "1"]

1. e4 c5 2. Nf3 Nc6 3. d3 g6 4. g3 Bg7 5. Bg2 e6 6. 0-0 Nge7 7. Re1 d6 8. Nbd2 0-0 9. c3 d5 10. e5 Qc7 11. Qe2 b6 12. Nf1 Ba6 13. Bf4 Rad8 14. h4 h5 15. Rad1 d4 16. c4 b5 17. b3 Rb8 18. Bh3 bxc4 19. dxc4 Nd5 20. Bd2 Ncb4 21. Qe4 Ne7 22. Qb1 Rfd8 23. Bf4 Bb7 24. N1d2 d3 25. Rf1 a5 26. Bg2 Nf5 27. Qb2 Nc2 28. Ne1 Nxe1 29. Rfxe1 Nd4 30. Ne4 Ne2+ 31. Kf1 Nxf4 32. gxf4 Rd4 33. Re3 Bxe4 34. Bxe4 Rxc4 35. Rdxd3 Bh6 36. Qd2 Rd4 37. Rxd4 cxd4 38. Rd3 Rb5 39. Rf3 Qxe5 40. Qe2 Bxf4 41. Bxg6 fxg6 42. Rxf4 Qxf4 43. Qxb5 Qf6 44. Qxa5 Qxh4 45. Qa8+ Kg7 46. Qb7+ Kh6 47. Qf3 Qd8 48. Ke2 h4 49. a4 d3+ 50. Kd1 Qd5 51. Qf4+ Kh5 52. Qb8 Qf3+ 53. Kc1 Qc6+ 54. Kd2 Qc2+ 55. Ke3 Qe2+ 56. Kd4 d2 57. Qh8+ Kg4 58. f3+ Qxf3 0-1

[Event "Voronezh Winter Rating op"]
[Site "Voronezh"]
[Date "2015.01.27"]
[Round "7"]
[White "Shestakova, Ekaterina"]
[Black "Poltavets, Ivan"]
[Result "1-0"]
[WhiteElo "1430"]
[BlackElo "1818"]
[PlyCount "59"]
[EventDate "2015.01.17"]
[EventType "swiss"]
[EventRounds "9"]
[EventCountry "RUS"]
[SourceTitle "EXT 2017"]
[Source "ChessBase"]
[SourceDate "2016.10.25"]
[SourceVersion "1"]
[SourceVersionDate "2016.10.25"]
[SourceQuality "1"]

1. e4 c5 2. c3 Nf6 3. e5 Nd5 4. d4 cxd4 5. cxd4 d6 6. Nf3 Bg4 7. Bc4 e6 8. 0-0 dxe5 9. dxe5 Nc6 10. Bxd5 exd5 11. Re1 Bb4 12. Bd2 0-0 13. Bxb4 Nxb4 14. Nbd2 Nd3 15. Re3 Nxb2 16. Qb3 Qb6 17. Qxd5 Be6 18. Qe4 Qa6 19. Ng5 g6 20. Nxe6 fxe6 21. Rb3 Na4 22. Qxb7 Qe2 23. Nf3 Nc5 24. Qb5 Qc2 25. Rb2 Qc3 26. Qb4 Rxf3 27. gxf3 Qxe5 28. Rd1 Rf8 29. Qd4 Qxd4 30. Rxd4 1-0

[Event "Voronezh Winter Rating op"]
[Site "Voronezh"]
[Date "2015.01.18"]
[Round "2"]
[White "Boev, Stanislav"]
[Black "Poltavets, Ivan"]
[Result "1/2-1/2"]
[WhiteElo "1933"]
[BlackElo "1818"]
[PlyCount "51"]
[EventDate "2015.01.17"]
[EventType "swiss"]
[EventRounds "9"]
[EventCountry "RUS"]
[SourceTitle "EXT 2017"]
[Source "ChessBase"]
[SourceDate "2016.10.25"]
[SourceVersion "1"]
[SourceVersionDate "2016.10.25"]
[SourceQuality "1"]

1. e4 c5 2. Nf3 d6 3. Bb5+ Bd7 4. Bxd7+ Qxd7 5. 0-0 Nc6 6. c3 g6 7. d4 cxd4 8. cxd4 Bg7 9. Nc3 Nf6 10. d5 Ne5 11. Nxe5 dxe5 12. f3 0-0 13. Qb3 Ne8 14. Be3 Nd6 15. Rac1 f5 16. Bc5 Rfc8 17. Bxd6 exd6 18. Nb5 Bh6 19. Rxc8+ Qxc8 20. Qa3 Bf8 21. Qe3 Qc5 22. Qxc5 dxc5 23. Rd1 Kf7 24. Na3 Bd6 25. Nc4 Ke7 26. a4 1/2-1/2

[Event "Voronezh op-B 18th"]
[Site "Voronezh"]
[Date "2014.06.18"]
[Round "7"]
[White "Golyshkina, Marina"]
[Black "Poltavets, Ivan"]
[Result "0-1"]
[WhiteElo "1706"]
[BlackElo "1843"]
[PlyCount "88"]
[EventDate "2014.06.12"]
[EventType "swiss"]
[EventRounds "9"]
[EventCountry "RUS"]
[SourceTitle "EXT 2015"]
[Source "ChessBase"]
[SourceDate "2014.11.20"]
[SourceVersion "1"]
[SourceVersionDate "2014.11.20"]
[SourceQuality "1"]

1. d4 Nf6 2. c4 g6 3. Nc3 d5 4. Nf3 Bg7 5. Bg5 c6 6. e3 Qa5 7. Qa4 Qxa4 8. Nxa4 dxc4 9. Nc3 Be6 10. a4 Na6 11. 0-0-0 Nb4 12. h3 0-0 13. Ne5 b5 14. axb5 cxb5 15. Nxb5 Rfc8 16. Nc3 h6 17. Bf4 Nfd5 18. Bg3 Nxc3 19. bxc3 Nd5 20. Kd2 Nf6 21. f3 Nd7 22. Nxd7 Bxd7 23. Be2 Ba4 24. Ra1 Bb3 25. Rhb1 a5 26. Bd1 a4 27. Bc2 Bf8 28. Be4 Ra7 29. Bc2 Rd7 30. Bxb3 axb3 31. Ra5 f6 32. e4 h5 33. Ke3 e5 34. d5 Bh6+ 35. f4 f5 36. Kf3 fxe4+ 37. Kxe4 exf4 38. Bxf4 Re8+ 39. Kf3 Rf7 40. g3 g5 41. Rc5 gxf4 42. Rxc4 Re3+ 43. Kf2 fxg3+ 44. Kg2 Rf2+ 0-1

[Event "Voronezh op-B 18th"]
[Site "Voronezh"]
[Date "2014.06.15"]
[Round "4"]
[White "Poltavets, Ivan"]
[Black "Popelyshev, Igor Viktorovich"]
[Result "0-1"]
[WhiteElo "1843"]
[BlackElo "2105"]
[PlyCount "60"]
[EventDate "2014.06.12"]
[EventType "swiss"]
[EventRounds "9"]
[EventCountry "RUS"]
[SourceTitle "EXT 2015"]
[Source "ChessBase"]
[SourceDate "2014.11.20"]
[SourceVersion "1"]
[SourceVersionDate "2014.11.20"]
[SourceQuality "1"]

1. e4 c5 2. c3 Nf6 3. e5 Nd5 4. Nf3 d6 5. d4 cxd4 6. cxd4 Nc6 7. Bc4 e6 8. 0-0 Be7 9. Qe2 0-0 10. Nc3 Nxc3 11. bxc3 dxe5 12. dxe5 Qc7 13. Re1 b6 14. Qe4 Bb7 15. Bd3 g6 16. Qg4 Na5 17. Bh6 Bxf3 18. gxf3 Rfd8 19. Be4 Rac8 20. h4 Qxc3 21. f4 Rc4 22. Rac1 Qd2 23. Rb1 Rdd4 24. Red1 Qxa2 25. Bf3 Nb3 26. h5 Nd2 27. Ra1 Qb3 28. Kg2 Nxf3 29. Rab1 Nxe5 30. Rxb3 Nxg4 0-1

[Event "Voronezh Rating op 03-A"]
[Site "Voronezh"]
[Date "2014.03.08"]
[Round "8"]
[White "Poltavets, Ivan"]
[Black "Kozlov, Sergej A"]
[Result "1/2-1/2"]
[WhiteElo "1855"]
[BlackElo "1905"]
[PlyCount "39"]
[EventDate "2014.03.01"]
[EventType "swiss"]
[EventRounds "9"]
[EventCountry "RUS"]
[SourceTitle "EXT 2015"]
[Source "ChessBase"]
[SourceDate "2014.11.20"]
[SourceVersion "1"]
[SourceVersionDate "2014.11.20"]
[SourceQuality "1"]

1. c4 e6 2. e4 c6 3. d4 d5 4. Nc3 Be7 5. Be3 dxe4 6. Nxe4 Nf6 7. Bd3 Nbd7 8. Nf3 0-0 9. 0-0 Qc7 10. Nfg5 Nxe4 11. Bxe4 Nf6 12. Bc2 Rd8 13. Qf3 e5 14. dxe5 Qxe5 15. b3 Bg4 16. Qf4 Qxf4 17. Bxf4 h6 18. Ne4 Nxe4 19. Bxe4 Bf6 20. Rac1 1/2-1/2

[Event "Voronezh Rating op 03-A"]
[Site "Voronezh"]
[Date "2014.03.01"]
[Round "1"]
[White "Gasparian, Haik"]
[Black "Poltavets, Ivan"]
[Result "1-0"]
[WhiteElo "2068"]
[BlackElo "1855"]
[PlyCount "45"]
[EventDate "2014.03.01"]
[EventType "swiss"]
[EventRounds "9"]
[EventCountry "RUS"]
[SourceTitle "EXT 2015"]
[Source "ChessBase"]
[SourceDate "2014.11.20"]
[SourceVersion "1"]
[SourceVersionDate "2014.11.20"]
[SourceQuality "1"]

1. d4 Nf6 2. c4 c5 3. Nf3 cxd4 4. Nxd4 Nc6 5. g3 d5 6. Bg2 e5 7. Nxc6 bxc6 8. 0-0 Be7 9. Nc3 Be6 10. Bg5 e4 11. Qa4 0-0 12. Rad1 Qb6 13. cxd5 cxd5 14. b3 Rfd8 15. Be3 Qb4 16. Qxb4 Bxb4 17. Nb5 Rd7 18. Rc1 a5 19. Rc6 a4 20. a3 Be7 21. b4 Ne8 22. Rfc1 f5 23. Rxe6 1-0

[Event "Voronezh Rating op 01"]
[Site "Voronezh"]
[Date "2014.01.12"]
[Round "3"]
[White "Kholodov, Vladimir"]
[Black "Poltavets, Ivan"]
[Result "1-0"]
[WhiteElo "1989"]
[BlackElo "1878"]
[PlyCount "48"]
[EventDate "2014.01.10"]
[EventType "swiss"]
[EventRounds "9"]
[EventCountry "RUS"]
[SourceTitle "EXT 2015"]
[Source "ChessBase"]
[SourceDate "2014.11.20"]
[SourceVersion "1"]
[SourceVersionDate "2014.11.20"]
[SourceQuality "1"]

1. e4 c5 2. Nf3 Nc6 3. d4 cxd4 4. Nxd4 g6 5. Nxc6 bxc6 6. Qd4 f6 7. Bc4 Nh6 8. Nc3 Nf7 9. Bxf7+ Kxf7 10. e5 Bg7 11. f4 Ba6 12. Bd2 Qb6 13. Qxb6 axb6 14. exf6 Bxf6 15. 0-0-0 Bb7 16. a3 c5 17. Rhg1 Bd4 18. Rge1 Bxg2 19. Be3 Bxc3 20. bxc3 Rxa3 21. Kb2 Ra4 22. Rd2 Bh3 23. Rf2 d6 24. Bd2 Rha8 1-0

[Event "Voronezh-ch"]
[Site "Voronezh"]
[Date "2013.10.18"]
[Round "1"]
[White "Ioffe, Evgeny"]
[Black "Poltavets, Ivan"]
[Result "1-0"]
[WhiteElo "2029"]
[BlackElo "1893"]
[PlyCount "63"]
[EventDate "2013.10.18"]
[EventType "swiss"]
[EventRounds "9"]
[EventCountry "RUS"]
[SourceTitle "EXT 2014"]
[Source "ChessBase"]
[SourceDate "2013.11.20"]
[SourceVersion "1"]
[SourceVersionDate "2013.11.20"]
[SourceQuality "1"]

1. e4 c5 2. c3 Nf6 3. e5 Nd5 4. d4 cxd4 5. cxd4 d6 6. Nf3 Nc6 7. Bc4 dxe5 8. dxe5 e6 9. 0-0 Be7 10. Qe2 Qc7 11. Rd1 Nb6 12. Bd3 0-0 13. Qe4 g6 14. Bh6 Rd8 15. Nc3 a6 16. Rac1 Nd5 17. h4 f5 18. exf6 Nxf6 19. Qe2 Nd5 20. g3 Bf6 21. Ne4 Bg7 22. Bxg7 Qxg7 23. Neg5 Re8 24. Bc4 Bd7 25. Qc2 Nce7 26. Qe4 Qf6 27. Ne5 Bc8 28. Ng4 Qxb2 29. Nxe6 Bxe6 30. Qxe6+ Kh8 31. Bxd5 Nxd5 32. Qxd5 1-0

[Event "Voronezh Rating op 09"]
[Site "Voronezh"]
[Date "2013.09.17"]
[Round "4"]
[White "Poltavets, Ivan"]
[Black "Leun, Victor"]
[Result "1/2-1/2"]
[WhiteElo "1893"]
[BlackElo "1919"]
[PlyCount "40"]
[EventDate "2013.09.13"]
[EventType "swiss"]
[EventRounds "7"]
[EventCountry "RUS"]
[SourceTitle "EXT 2015"]
[Source "ChessBase"]
[SourceDate "2014.11.20"]
[SourceVersion "1"]
[SourceVersionDate "2014.11.20"]
[SourceQuality "1"]

1. e4 c5 2. Nf3 Nc6 3. d4 cxd4 4. Nxd4 g6 5. c4 Bg7 6. Be3 Nf6 7. Nc3 Ng4 8. Qxg4 Nxd4 9. Qd1 Nc6 10. Qd2 d6 11. Be2 Be6 12. Nd5 0-0 13. 0-0-0 Rc8 14. Bh6 Ne5 15. Bxg7 Kxg7 16. Qd4 f6 17. Kb1 Bxd5 18. cxd5 a6 19. f4 Nd7 20. g4 Qb6 1/2-1/2

[Event "Voronezh op-B 17th"]
[Site "Voronezh"]
[Date "2013.06.20"]
[Round "9"]
[White "Poltavets, Ivan"]
[Black "Chekletsov, Egor"]
[Result "0-1"]
[WhiteElo "1893"]
[BlackElo "1859"]
[PlyCount "70"]
[EventDate "2013.06.12"]
[EventType "swiss"]
[EventRounds "9"]
[EventCountry "RUS"]
[SourceTitle "EXT 2014"]
[Source "ChessBase"]
[SourceDate "2013.11.20"]
[SourceVersion "1"]
[SourceVersionDate "2013.11.20"]
[SourceQuality "1"]

1. e4 c5 2. Nf3 e6 3. c4 d6 4. Nc3 e5 5. h3 Nc6 6. Be2 g6 7. d3 Bg7 8. Be3 Nge7 9. g4 0-0 10. Qd2 Re8 11. Bh6 Bh8 12. Nh4 Nd4 13. 0-0-0 Nec6 14. Nf3 Nxe2+ 15. Qxe2 Nd4 16. Nxd4 cxd4 17. Nd5 Be6 18. Nb4 a5 19. Nc2 b5 20. f4 bxc4 21. dxc4 Qc7 22. Na3 Rec8 23. b3 Qc5 24. Nc2 a4 25. f5 axb3 26. axb3 Bd7 27. Kb2 Qa5 28. Rd3 Qa2+ 29. Kc1 Rab8 30. Qf3 Ba4 31. fxg6 hxg6 32. Rf1 f6 33. g5 Bxb3 34. Rxb3 Rxb3 35. gxf6 Rxf3 0-1

[Event "Voronezh op-B 17th"]
[Site "Voronezh"]
[Date "2013.06.15"]
[Round "4"]
[White "Pranizina, Alina"]
[Black "Poltavets, Ivan"]
[Result "1/2-1/2"]
[WhiteElo "1767"]
[BlackElo "1893"]
[PlyCount "95"]
[EventDate "2013.06.12"]
[EventType "swiss"]
[EventRounds "9"]
[EventCountry "RUS"]
[SourceTitle "EXT 2014"]
[Source "ChessBase"]
[SourceDate "2013.11.20"]
[SourceVersion "1"]
[SourceVersionDate "2013.11.20"]
[SourceQuality "1"]

1. e4 c5 2. Nf3 Nc6 3. Bb5 g6 4. 0-0 Bg7 5. c3 d6 6. d3 Bg4 7. h3 Bxf3 8. Qxf3 Qb6 9. Ba4 Nf6 10. Nd2 Qc7 11. Nc4 Rb8 12. Bxc6+ Qxc6 13. Be3 b5 14. Nd2 Nd7 15. d4 0-0 16. Rac1 a5 17. b3 e5 18. d5 Qc7 19. Qe2 f5 20. f3 Nf6 21. c4 Nh5 22. Qe1 f4 23. Bf2 b4 24. Ra1 a4 25. Qd1 Ng3 26. Re1 h5 27. Nf1 Nxf1 28. Rxf1 g5 29. Qd3 Qd7 30. Be1 g4 31. fxg4 hxg4 32. hxg4 Qxg4 33. Qf3 Qg6 34. Kf2 Kf7 35. Ke2 Rh8 36. Bf2 Rh2 37. Bg3 Rh5 38. Bf2 Bf6 39. Rg1 Rh2 40. g3 Rh3 41. bxa4 Ra8 42. a3 fxg3 43. Rxg3 Rxg3 44. Bxg3 Rxa4 45. Bh4 Rxa3 46. Rxa3 bxa3 47. Bxf6 Qxf6 48. Qxa3 1/2-1/2

[Event "Voronezh op-B 17th"]
[Site "Voronezh"]
[Date "2013.06.13"]
[Round "2"]
[White "Moiseenko, Andrey"]
[Black "Poltavets, Ivan"]
[Result "1-0"]
[WhiteElo "1725"]
[BlackElo "1893"]
[PlyCount "51"]
[EventDate "2013.06.12"]
[EventType "swiss"]
[EventRounds "9"]
[EventCountry "RUS"]
[SourceTitle "EXT 2014"]
[Source "ChessBase"]
[SourceDate "2013.11.20"]
[SourceVersion "1"]
[SourceVersionDate "2013.11.20"]
[SourceQuality "1"]

1. d4 Nf6 2. c4 g6 3. f3 d5 4. cxd5 Nxd5 5. e4 Nb6 6. Nc3 Bg7 7. Be3 0-0 8. Qd2 Nc6 9. 0-0-0 Re8 10. f4 Bg4 11. Nf3 e6 12. Be2 a5 13. Ne5 Bxe2 14. Qxe2 Qe7 15. h4 h5 16. g4 Nxe5 17. fxe5 hxg4 18. h5 g5 19. h6 Bf8 20. h7+ Kh8 21. Qxg4 Bg7 22. Bxg5 f6 23. exf6 Bxf6 24. Bxf6+ Qxf6 25. Rdg1 Qxd4 26. Qg8+ 1-0

[Event "Voronezh Winter op"]
[Site "Voronezh"]
[Date "2013.01.15"]
[Round "1"]
[White "Poltavets, Ivan"]
[Black "Payul, Oleg"]
[Result "1-0"]
[WhiteElo "1882"]
[BlackElo "1671"]
[PlyCount "55"]
[EventDate "2013.01.15"]
[EventType "swiss"]
[EventRounds "9"]
[EventCountry "RUS"]
[SourceTitle "EXT 2014"]
[Source "ChessBase"]
[SourceDate "2013.11.20"]
[SourceVersion "1"]
[SourceVersionDate "2013.11.20"]
[SourceQuality "1"]

1. e4 d5 2. exd5 Qxd5 3. Nc3 Qa5 4. Bc4 e6 5. Nf3 Nf6 6. 0-0 c6 7. Re1 Be7 8. d4 0-0 9. Bd2 Qc7 10. Ne5 Nbd7 11. Bf4 Qd8 12. Qe2 Nb6 13. Rad1 Nbd5 14. Bg3 Qb6 15. Bb3 a5 16. Na4 Qd8 17. c4 Nb6 18. Nc5 Nbd7 19. Nxf7 Rxf7 20. Nxe6 Qb6 21. c5 Qa6 22. Bc4 b5 23. Nc7 bxc4 24. Nxa6 Bxa6 25. Qe6 Re8 26. Qxc6 Bc8 27. Qa4 Bb7 28. c6 1-0

[Event "Voronezh Autumn IRT"]
[Site "Voronezh"]
[Date "2012.10.06"]
[Round "5.14"]
[White "Poltavets, Ivan"]
[Black "Kornev, Sergey"]
[Result "1-0"]
[WhiteElo "1904"]
[BlackElo "1656"]
[PlyCount "47"]
[EventDate "2012.10.02"]
[EventType "swiss"]
[EventRounds "9"]
[EventCountry "RUS"]
[SourceTitle "EXT 2022"]
[Source "ChessBase"]
[SourceDate "2021.10.06"]
[SourceVersion "1"]
[SourceVersionDate "2021.10.06"]
[SourceQuality "1"]

1. e4 e5 2. f4 exf4 3. Nf3 Be7 4. Bc4 Bh4+ 5. g3 fxg3 6. 0-0 gxh2+ 7. Kh1 Qe7 8. Bxf7+ Qxf7 9. Nxh4 Nf6 10. Nc3 Qe6 11. e5 Ng4 12. d4 Rf8 13. Rxf8+ Kxf8 14. Qf3+ Kg8 15. d5 Qxe5 16. Qxg4 Qe1+ 17. Kxh2 Na6 18. Bh6 Qf2+ 19. Kh1 Qf6 20. Bxg7 Qxg7 21. Qe2 Kh8 22. Rg1 Qxg1+ 23. Kxg1 d6 24. Qe8+ 1-0

[Event "Voronezh op 06"]
[Site "Voronezh"]
[Date "2012.07.05"]
[Round "9"]
[White "Poltavets, Ivan"]
[Black "Grishchenko, Vladimir"]
[Result "0-1"]
[WhiteElo "2009"]
[BlackElo "2069"]
[PlyCount "62"]
[EventDate "2012.06.26"]
[EventType "swiss"]
[EventRounds "9"]
[EventCountry "RUS"]
[SourceTitle "EXT 2013"]
[Source "ChessBase"]
[SourceDate "2012.11.22"]
[SourceVersion "1"]
[SourceVersionDate "2012.11.22"]
[SourceQuality "1"]

1. d4 e6 2. Nf3 Nf6 3. Bg5 Be7 4. c4 0-0 5. Nc3 h6 6. Bh4 d5 7. e3 b6 8. Rc1 Bb7 9. cxd5 exd5 10. Bd3 Nbd7 11. 0-0 Rc8 12. Bb1 a6 13. Ne5 c5 14. Qd3 Ne4 15. Nxd7 Qxd7 16. f3 Bxh4 17. fxe4 dxe4 18. Nxe4 f5 19. Nc3 cxd4 20. exd4 g6 21. g4 b5 22. a3 Kg7 23. d5 Rc4 24. h3 Qd6 25. gxf5 Bf6 26. Ne4 Rxe4 27. Qxe4 Bxd5 28. Rc7+ Kg8 29. Qd3 Bd4+ 30. Rf2 Bxf2+ 31. Kxf2 Rxf5+ 0-1

[Event "Voronezh op 06"]
[Site "Voronezh"]
[Date "2012.06.29"]
[Round "4"]
[White "Poltavets, Ivan"]
[Black "Leun, Victor"]
[Result "0-1"]
[WhiteElo "2009"]
[BlackElo "1935"]
[PlyCount "64"]
[EventDate "2012.06.26"]
[EventType "swiss"]
[EventRounds "9"]
[EventCountry "RUS"]
[SourceTitle "EXT 2013"]
[Source "ChessBase"]
[SourceDate "2012.11.22"]
[SourceVersion "1"]
[SourceVersionDate "2012.11.22"]
[SourceQuality "1"]

1. e4 c5 2. Nf3 Nc6 3. d4 cxd4 4. Nxd4 g6 5. c4 Bg7 6. Nc2 Nf6 7. Nc3 0-0 8. Be3 d6 9. f3 Bd7 10. Qd2 Rc8 11. 0-0-0 Ne5 12. Na3 a6 13. Kb1 Bc6 14. h4 Nh5 15. Bh6 Ng3 16. Rh3 Nxf1 17. Rxf1 Bd7 18. g4 f6 19. Bf4 Be6 20. Bxe5 dxe5 21. Nd5 Bf7 22. Qb4 e6 23. Ne7+ Kh8 24. h5 Qd3+ 25. Nc2 Qxf1+ 26. Qe1 Qxh3 27. Nxc8 Rxc8 28. hxg6 Bxg6 29. Qe2 f5 30. exf5 exf5 31. a3 fxg4 32. fxg4 Qd3 0-1